[Event "Королевский Гамбит. Южный Федеральный округ."]
[Date "2025-11-21"]
[Round "1.3"]
[Board "3"]
[White "Кравчук Сергей"]
[WhiteElo "1000"]
[Black "Крутых София"]
[BlackElo "1000"]
[WebSite "https://www.chessopen.ru"]
[GameId "d47f937a-4257-42f6-9634-75068d03b7db"]
[Result "0-1"]

1. e4 { [%clk 0:09:45] } e5 { [%clk 0:09:49] } 2. Nc3 { [%clk 0:09:40] } Nf6 {
[%clk 0:09:47] } 3. Nf3 { [%clk 0:09:36] } Nc6 { [%clk 0:09:48] } 4. Bc4 {
[%clk 0:09:24] } Bb4 { [%clk 0:09:42] } 5. Ng5 { [%clk 0:09:15] } Bxc3 { [%clk
0:09:39] } 6. bxc3 { [%clk 0:09:14] } h6 { [%clk 0:09:38] } 7. Nxf7 { [%clk
0:09:10] } Qe7 { [%clk 0:09:32] } 8. Nxh8 { [%clk 0:09:09] } Nxe4 { [%clk
0:09:28] } 9. d3 { [%clk 0:09:02] } Nxc3 { [%clk 0:09:27] } 10. Qh5+ { [%clk
0:08:59] } Kd8 { [%clk 0:09:24] } 11. Bf7 { [%clk 0:08:44] } Qb4 { [%clk
0:09:10] } 12. a3 { [%clk 0:08:37] } Qa5 { [%clk 0:09:06] } 13. Bb2 { [%clk
0:08:29] } Na4+ { [%clk 0:09:07] } 14. Bc3 { [%clk 0:08:15] } Qxc3+ { [%clk
0:09:04] } 15. Kf1 { [%clk 0:08:08] } Qxa1+ { [%clk 0:09:03] } 16. Qd1 { [%clk
0:08:05] } Qxa3 { [%clk 0:09:01] } 17. Bb3 { [%clk 0:07:57] } Nb2 { [%clk
0:09:02] } 18. Nf7+ { [%clk 0:07:11] } Ke7 { [%clk 0:08:54] } 19. Nh8 { [%clk
0:07:04] } Nxd1 { [%clk 0:08:52] } 20. g4 { [%clk 0:06:54] } Nc3 { [%clk
0:08:48] } 21. Bd5 { [%clk 0:06:43] } Nd4 { [%clk 0:08:48] } 22. f3 { [%clk
0:06:34] } Qa1+ { [%clk 0:08:45] } 23. Kg2 { [%clk 0:06:33] } Qa5 { [%clk
0:08:40] } 24. Bb3 { [%clk 0:06:25] } Nxb3 { [%clk 0:08:39] } 25. Ng6+ { [%clk
0:06:24] } Kf7 { [%clk 0:08:33] } 26. Rb1 { [%clk 0:06:19] } Nd2 { [%clk
0:08:30] } 27. Rd1 { [%clk 0:06:16] } Nxd1 { [%clk 0:08:27] } 28. Nxe5+ { [%clk
0:06:12] } Qxe5 { [%clk 0:08:24] } 29. f4 { [%clk 0:06:12] } Qe2+ { [%clk
0:08:24] } 30. Kh3 { [%clk 0:06:04] } a5 { [%clk 0:08:23] } 31. f5 { [%clk
0:06:04] } Ra6 { [%clk 0:08:24] } 32. d4 { [%clk 0:06:05] } Rd6 { [%clk
0:08:23] } 33. c3 { [%clk 0:06:04] } Nxc3 { [%clk 0:08:18] } 34. g5 { [%clk
0:05:54] } Nb3 { [%clk 0:08:16] } 35. d5 { [%clk 0:05:54] } Rxd5 { [%clk
0:08:14] } 36. f6 { [%clk 0:05:54] } Qe3+ { [%clk 0:08:11] } 37. Kg4 { [%clk
0:05:53] } Qxg5+ { [%clk 0:08:11] } 38. Kh3 { [%clk 0:05:49] } Qh5+ { [%clk
0:07:58] } 39. Kg3 { [%clk 0:05:48] } Rg5+ { [%clk 0:07:57] } 40. Kf2 { [%clk
0:05:45] } Qh3 { [%clk 0:07:58] } 41. Ke1 { [%clk 0:05:38] } Rg2 { [%clk
0:07:54] } 42. Kf1 { [%clk 0:05:36] } Rxh2+ { [%clk 0:07:54] } 43. Kg1 { [%clk
0:05:36] } Qg3+ { [%clk 0:07:54] } 44. Kf1 { [%clk 0:05:34] } Qg2+ { [%clk
0:07:53] } 45. Ke1 { [%clk 0:05:24] } Qg1# { [%clk 0:07:52] } 0-1

[Event "Королевский Гамбит. Южный Федеральный округ."]
[Date "2025-11-21"]
[Round "1.3"]
[Board "3"]
[White "С Маргарита"]
[WhiteElo "1000"]
[Black "Попов Константин"]
[BlackElo "1000"]
[WebSite "https://www.chessopen.ru"]
[GameId "d6237dd2-e907-4f8f-92dd-efd3985d11c1"]
[Result "0-1"]

1. e4 { [%clk 0:09:59] } e5 { [%clk 0:09:59] } 2. Nf3 { [%clk 0:10:00] } Nc6 {
[%clk 0:09:59] } 3. Bc4 { [%clk 0:10:00] } Bc5 { [%clk 0:09:57] } 4. a3 { [%clk
0:09:59] } Nf6 { [%clk 0:09:58] } 5. Nc3 { [%clk 0:09:56] } O-O { [%clk
0:09:57] } 6. d3 { [%clk 0:09:32] } h6 { [%clk 0:09:56] } 7. h3 { [%clk
0:09:05] } d6 { [%clk 0:09:56] } 8. g4 { [%clk 0:09:05] } Be6 { [%clk 0:09:55]
} 9. g5 { [%clk 0:08:58] } hxg5 { [%clk 0:09:55] } 10. h4 { [%clk 0:08:57] }
gxh4 { [%clk 0:09:52] } 11. Rxh4 { [%clk 0:08:57] } Bxc4 { [%clk 0:09:50] } 12.
Ng5 { [%clk 0:08:57] } Bxf2+ { [%clk 0:09:42] } 13. Kxf2 { [%clk 0:08:51] } Be6
{ [%clk 0:09:31] } 14. Nxe6 { [%clk 0:08:49] } fxe6 { [%clk 0:09:30] } 15. Ne2
{ [%clk 0:08:29] } Nd7+ { [%clk 0:09:28] } 16. Ke1 { [%clk 0:07:53] } Qxh4+ {
[%clk 0:09:26] } 17. Kd2 { [%clk 0:07:52] } Qh6+ { [%clk 0:09:21] } 18. Ke1 {
[%clk 0:07:50] } Qg6 { [%clk 0:09:17] } 19. Be3 { [%clk 0:07:25] } Rae8 { [%clk
0:09:14] } 20. Kd2 { [%clk 0:07:23] } Qg2 { [%clk 0:09:03] } 21. Qe1 { [%clk
0:06:52] } d5 { [%clk 0:08:58] } 22. Qh4 { [%clk 0:06:43] } d4 { [%clk 0:08:56]
} 23. Rg1 { [%clk 0:06:42] } Qf3 { [%clk 0:08:46] } 24. Qh6 { [%clk 0:06:36] }
Qxe3+ { [%clk 0:08:45] } 25. Qxe3 { [%clk 0:06:33] } dxe3+ { [%clk 0:08:44] }
26. Kxe3 { [%clk 0:06:35] } Nd4 { [%clk 0:08:30] } 27. Ng3 { [%clk 0:06:21] }
Nxc2+ { [%clk 0:08:28] } 28. Kd2 { [%clk 0:06:21] } Nd4 { [%clk 0:08:23] } 29.
Nh5 { [%clk 0:06:22] } Re7 { [%clk 0:08:19] } 30. b4 { [%clk 0:05:54] } Rf2+ {
[%clk 0:08:17] } 31. Ke3 { [%clk 0:05:53] } Re2# { [%clk 0:08:18] } 0-1

[Event "Королевский Гамбит. Южный Федеральный округ."]
[Date "2025-11-21"]
[Round "1.3"]
[Board "3"]
[White "Чиков Алексей"]
[WhiteElo "1000"]
[Black "Витченко Артём"]
[BlackElo "1000"]
[WebSite "https://www.chessopen.ru"]
[GameId "f3306baf-20a2-4b58-987c-5e4404541d75"]
[Result "1-0"]

1. e4 { [%clk 0:09:38] } e5 { [%clk 0:10:00] } 2. Bc4 { [%clk 0:09:35] } Nc6 {
[%clk 0:09:53] } 3. Nf3 { [%clk 0:09:32] } Nf6 { [%clk 0:09:54] } 4. O-O {
[%clk 0:09:28] } Bc5 { [%clk 0:09:54] } 5. h3 { [%clk 0:09:22] } O-O { [%clk
0:09:55] } 6. Nc3 { [%clk 0:09:11] } h6 { [%clk 0:09:53] } 7. Na4 { [%clk
0:09:05] } Bb4 { [%clk 0:09:40] } 8. c3 { [%clk 0:09:03] } Ba5 { [%clk 0:09:37]
} 9. d3 { [%clk 0:08:57] } d6 { [%clk 0:09:33] } 10. b4 { [%clk 0:08:41] } Bb6
{ [%clk 0:09:19] } 11. Nxb6 { [%clk 0:08:40] } cxb6 { [%clk 0:09:19] } 12. d4 {
[%clk 0:08:31] } exd4 { [%clk 0:09:19] } 13. cxd4 { [%clk 0:08:30] } Nxb4 {
[%clk 0:09:09] } 14. d5 { [%clk 0:08:19] } b5 { [%clk 0:09:06] } 15. Bb3 {
[%clk 0:08:17] } Nxe4 { [%clk 0:08:55] } 16. Qd4 { [%clk 0:08:05] } Nd2 { [%clk
0:08:47] } 17. Bxd2 { [%clk 0:08:01] } Nc2 { [%clk 0:08:45] } 18. Bxc2 { [%clk
0:07:58] } Qe7 { [%clk 0:08:30] } 19. Rae1 { [%clk 0:07:52] } Qd7 { [%clk
0:08:29] } 20. Qd3 { [%clk 0:07:20] } a6 { [%clk 0:08:26] } 21. Qh7# { [%clk
0:07:18] } 1-0

[Event "Королевский Гамбит. Южный Федеральный округ."]
[Date "2025-11-21"]
[Round "1.4"]
[Board "4"]
[White "Белоусько Елена"]
[WhiteElo "1000"]
[Black "Курбанова Ангелина"]
[BlackElo "1000"]
[WebSite "https://www.chessopen.ru"]
[GameId "0d980330-d974-4c30-99eb-1f3f701d2510"]
[Result "0-1"]

1. e4 { [%clk 0:09:59] } e5 { [%clk 0:10:01] } 2. Nc3 { [%clk 0:09:59] } Nf6 {
[%clk 0:10:01] } 3. Nf3 { [%clk 0:09:57] } Nc6 { [%clk 0:09:59] } 4. Bc4 {
[%clk 0:09:57] } Bc5 { [%clk 0:09:57] } 5. O-O { [%clk 0:09:55] } O-O { [%clk
0:09:57] } 6. h3 { [%clk 0:09:55] } d6 { [%clk 0:09:56] } 7. d3 { [%clk
0:09:55] } h6 { [%clk 0:09:57] } 8. Bd2 { [%clk 0:09:47] } Be6 { [%clk 0:09:57]
} 9. Bd5 { [%clk 0:09:46] } Bxd5 { [%clk 0:09:54] } 10. Nxd5 { [%clk 0:09:46] }
Nd4 { [%clk 0:09:52] } 11. Nxf6+ { [%clk 0:09:43] } Qxf6 { [%clk 0:09:53] } 12.
Nxd4 { [%clk 0:09:40] } Bxd4 { [%clk 0:09:55] } 13. Bb4 { [%clk 0:09:34] } a5 {
[%clk 0:09:54] } 14. Ba3 { [%clk 0:09:33] } b5 { [%clk 0:09:50] } 15. c3 {
[%clk 0:09:20] } Bb6 { [%clk 0:09:50] } 16. b4 { [%clk 0:09:11] } axb4 { [%clk
0:09:50] } 17. Bxb4 { [%clk 0:09:11] } Ba5 { [%clk 0:09:50] } 18. Bxa5 { [%clk
0:09:10] } Rxa5 { [%clk 0:09:51] } 19. Qb1 { [%clk 0:09:07] } c6 { [%clk
0:09:49] } 20. f3 { [%clk 0:09:00] } Rfa8 { [%clk 0:09:48] } 21. Qb2 { [%clk
0:08:57] } Qe6 { [%clk 0:09:49] } 22. g4 { [%clk 0:08:51] } Rxa2 { [%clk
0:09:47] } 23. Rxa2 { [%clk 0:08:51] } Qxa2 { [%clk 0:09:47] } 24. Qxa2 { [%clk
0:08:51] } Rxa2 { [%clk 0:09:48] } 25. h4 { [%clk 0:08:33] } Rc2 { [%clk
0:09:46] } 26. h5 { [%clk 0:08:33] } Rxc3 { [%clk 0:09:47] } 27. Ra1 { [%clk
0:08:30] } Rxd3 { [%clk 0:09:48] } 28. Ra8+ { [%clk 0:08:27] } Kh7 { [%clk
0:09:49] } 29. Ra1 { [%clk 0:08:16] } Rxf3 { [%clk 0:09:50] } 30. Re1 { [%clk
0:08:08] } Rf4 { [%clk 0:09:50] } 31. Re3 { [%clk 0:08:07] } Rxg4+ { [%clk
0:09:49] } 32. Kh1 { [%clk 0:08:04] } Rh4+ { [%clk 0:09:51] } 33. Kg2 { [%clk
0:08:03] } Rxh5 { [%clk 0:09:52] } 34. Rh3 { [%clk 0:07:58] } Rxh3 { [%clk
0:09:51] } 35. Kxh3 { [%clk 0:07:59] } Kg6 { [%clk 0:09:53] } 36. Kg4 { [%clk
0:07:56] } h5+ { [%clk 0:09:54] } 37. Kh4 { [%clk 0:07:57] } Kf6 { [%clk
0:09:50] } 38. Kxh5 { [%clk 0:07:58] } g6+ { [%clk 0:09:49] } 39. Kg4 { [%clk
0:07:56] } Ke6 { [%clk 0:09:51] } 40. Kg5 { [%clk 0:07:53] } b4 { [%clk
0:09:52] } 41. Kg4 { [%clk 0:07:51] } d5 { [%clk 0:09:54] } 42. Kf3 { [%clk
0:07:51] } b3 { [%clk 0:09:55] } 43. Ke2 { [%clk 0:07:53] } b2 { [%clk 0:09:57]
} 44. Kd2 { [%clk 0:07:55] } b1=Q { [%clk 0:09:55] } 45. exd5+ { [%clk 0:07:51]
} cxd5 { [%clk 0:09:53] } 46. Ke3 { [%clk 0:07:51] } Kf5 { [%clk 0:09:44] } 47.
Ke2 { [%clk 0:07:44] } Ke4 { [%clk 0:09:42] } 48. Kf2 { [%clk 0:07:42] } Qf1+ {
[%clk 0:09:42] } 49. Kxf1 { [%clk 0:07:42] } d4 { [%clk 0:09:42] } 50. Ke1 {
[%clk 0:07:43] } f5 { [%clk 0:09:43] } 51. Ke2 { [%clk 0:07:44] } f4 { [%clk
0:09:44] } 52. Ke1 { [%clk 0:07:45] } Ke3 { [%clk 0:09:45] } 53. Kf1 { [%clk
0:07:42] } d3 { [%clk 0:09:46] } 54. Ke1 { [%clk 0:07:42] } f3 { [%clk 0:09:44]
} 55. Kd1 { [%clk 0:07:41] } f2 { [%clk 0:09:45] } 56. Kc1 { [%clk 0:07:40] }
d2+ { [%clk 0:09:45] } 57. Kd1 { [%clk 0:07:40] } f1=R+ { [%clk 0:09:44] } 58.
Kc2 { [%clk 0:07:40] } d1=Q+ { [%clk 0:09:42] } 59. Kc3 { [%clk 0:07:40] } Rf2
{ [%clk 0:09:38] } 60. Kb4 { [%clk 0:07:35] } Rb2+ { [%clk 0:09:38] } 61. Kc5 {
[%clk 0:07:34] } Rc2+ { [%clk 0:09:36] } 62. Kb4 { [%clk 0:07:34] } Qb1+ {
[%clk 0:09:37] } 63. Ka3 { [%clk 0:07:32] } Ra2# { [%clk 0:09:39] } 0-1

[Event "Королевский Гамбит. Южный Федеральный округ."]
[Date "2025-11-21"]
[Round "1.4"]
[Board "4"]
[White "Квачёва Дарья"]
[WhiteElo "1000"]
[Black "Тангян Маргарита"]
[BlackElo "1000"]
[WebSite "https://www.chessopen.ru"]
[GameId "752b2a6d-6c79-43bf-83f5-dac7569952f9"]
[Result "0-1"]

1. Nh3 { [%clk 0:09:59] } d5 { [%clk 0:09:56] } 2. e4 { [%clk 0:09:58] } dxe4 {
[%clk 0:09:52] } 3. Bb5+ { [%clk 0:09:58] } Bd7 { [%clk 0:09:51] } 4. O-O {
[%clk 0:09:59] } Bxb5 { [%clk 0:09:46] } 5. Na3 { [%clk 0:09:55] } Bxf1 { [%clk
0:09:45] } 6. Kxf1 { [%clk 0:09:56] } Nc6 { [%clk 0:09:33] } 7. Kg1 { [%clk
0:09:56] } Qd7 { [%clk 0:09:16] } 8. Ng5 { [%clk 0:09:50] } Qf5 { [%clk
0:08:59] } 9. h4 { [%clk 0:09:37] } O-O-O { [%clk 0:08:52] } 10. Nc4 { [%clk
0:09:21] } Qg6 { [%clk 0:08:20] } 11. c3 { [%clk 0:09:11] } e3 { [%clk 0:08:12]
} 12. dxe3 { [%clk 0:09:10] } Rxd1+ { [%clk 0:08:10] } 13. Kh2 { [%clk 0:09:06]
} Nf6 { [%clk 0:07:46] } 14. b3 { [%clk 0:09:06] } Qc2 { [%clk 0:07:22] } 15.
Ba3 { [%clk 0:08:56] } Rxa1 { [%clk 0:07:12] } 16. Nb2 { [%clk 0:08:42] } e6 {
[%clk 0:07:01] } 17. Nd3 { [%clk 0:08:41] } Bxa3 { [%clk 0:06:58] } 18. Nc1 {
[%clk 0:08:37] } Bxc1 { [%clk 0:06:56] } 19. Nxf7 { [%clk 0:08:24] } Rf8 {
[%clk 0:06:53] } 20. Ng5 { [%clk 0:08:21] } Rxa2 { [%clk 0:06:46] } 21. Nxh7 {
[%clk 0:08:13] } Qxf2 { [%clk 0:06:44] } 22. Nxf8 { [%clk 0:08:11] } Qxg2# {
[%clk 0:06:42] } 0-1

[Event "Королевский Гамбит. Южный Федеральный округ."]
[Date "2025-11-21"]
[Round "1.4"]
[Board "4"]
[White "Корниенко Ева"]
[WhiteElo "1000"]
[Black "Погорелова Мирослава"]
[BlackElo "1000"]
[WebSite "https://www.chessopen.ru"]
[GameId "1bf33db6-2495-4cb2-a79d-dc9660ef5a7d"]
[Result "0-1"]

1. e4 { [%clk 0:09:54] } e5 { [%clk 0:09:59] } 2. Nf3 { [%clk 0:09:54] } Nf6 {
[%clk 0:09:57] } 3. Nc3 { [%clk 0:09:54] } Bc5 { [%clk 0:09:54] } 4. Bb5 {
[%clk 0:09:53] } a6 { [%clk 0:09:50] } 5. Bc4 { [%clk 0:09:50] } Nc6 { [%clk
0:09:47] } 6. d3 { [%clk 0:09:49] } h6 { [%clk 0:09:45] } 7. O-O { [%clk
0:09:47] } d6 { [%clk 0:09:45] } 8. h3 { [%clk 0:09:46] } O-O { [%clk 0:09:44]
} 9. Be3 { [%clk 0:09:44] } Bxe3 { [%clk 0:09:39] } 10. fxe3 { [%clk 0:09:43] }
Bd7 { [%clk 0:09:34] } 11. d4 { [%clk 0:09:37] } exd4 { [%clk 0:09:32] } 12.
exd4 { [%clk 0:09:37] } Nb4 { [%clk 0:09:31] } 13. a3 { [%clk 0:09:35] } Nc6 {
[%clk 0:09:28] } 14. d5 { [%clk 0:09:34] } Ne5 { [%clk 0:09:24] } 15. Nxe5 {
[%clk 0:09:31] } dxe5 { [%clk 0:09:25] } 16. Qe2 { [%clk 0:09:25] } b5 { [%clk
0:09:21] } 17. Bb3 { [%clk 0:09:22] } a5 { [%clk 0:09:15] } 18. Nxb5 { [%clk
0:09:20] } Bxb5 { [%clk 0:09:13] } 19. Qxb5 { [%clk 0:09:20] } Nxe4 { [%clk
0:09:05] } 20. Rae1 { [%clk 0:09:14] } Nd2 { [%clk 0:09:01] } 21. Rf2 { [%clk
0:09:12] } Nxb3 { [%clk 0:08:58] } 22. cxb3 { [%clk 0:09:11] } Rb8 { [%clk
0:08:49] } 23. Qa4 { [%clk 0:09:08] } Qxd5 { [%clk 0:08:41] } 24. Rd1 { [%clk
0:09:06] } Qxd1+ { [%clk 0:08:36] } 25. Rf1 { [%clk 0:09:06] } Qd3 { [%clk
0:08:29] } 26. Re1 { [%clk 0:08:50] } Rxb3 { [%clk 0:08:24] } 27. Qe4 { [%clk
0:08:34] } Qxe4 { [%clk 0:08:23] } 28. Rxe4 { [%clk 0:08:33] } Rxb2 { [%clk
0:08:20] } 29. a4 { [%clk 0:08:33] } Ra2 { [%clk 0:08:19] } 30. Kh2 { [%clk
0:08:27] } Rd8 { [%clk 0:08:14] } 31. Rxe5 { [%clk 0:08:18] } Rxa4 { [%clk
0:08:09] } 32. Re7 { [%clk 0:08:15] } Rd2 { [%clk 0:08:06] } 33. Re8+ { [%clk
0:08:12] } Kh7 { [%clk 0:08:04] } 34. Re1 { [%clk 0:08:08] } Raa2 { [%clk
0:08:00] } 35. Rg1 { [%clk 0:08:04] } c5 { [%clk 0:07:58] } 36. h4 { [%clk
0:08:02] } c4 { [%clk 0:07:57] } 37. Rc1 { [%clk 0:07:56] } Rdc2 { [%clk
0:07:54] } 38. Rxc2 { [%clk 0:07:47] } Rxc2 { [%clk 0:07:54] } 39. Kg1 { [%clk
0:07:44] } Rd2 { [%clk 0:07:53] } 40. Kf1 { [%clk 0:07:43] } c3 { [%clk
0:07:54] } 41. Ke1 { [%clk 0:07:42] } a4 { [%clk 0:07:53] } 42. g4 { [%clk
0:07:39] } a3 { [%clk 0:07:53] } 43. g5 { [%clk 0:07:35] } hxg5 { [%clk
0:07:52] } 44. hxg5 { [%clk 0:07:36] } a2 { [%clk 0:07:52] } 45. g6+ { [%clk
0:07:31] } fxg6 { [%clk 0:07:51] } 46. Kf1 { [%clk 0:07:30] } a1=Q# { [%clk
0:07:48] } 0-1

[Event "Королевский Гамбит. Южный Федеральный округ."]
[Date "2025-11-21"]
[Round "1.4"]
[Board "4"]
[White "Крутых Кира"]
[WhiteElo "1000"]
[Black "Мещанская Полина"]
[BlackElo "991"]
[WebSite "https://www.chessopen.ru"]
[GameId "0ffc85d9-a72d-4577-9291-4ea1747ffa8a"]
[Result "1-0"]

1. e4 { [%clk 0:09:58] } e5 { [%clk 0:09:59] } 2. Nf3 { [%clk 0:09:59] } Nf6 {
[%clk 0:09:58] } 3. Nc3 { [%clk 0:09:58] } Nc6 { [%clk 0:09:57] } 4. Bc4 {
[%clk 0:09:59] } Bc5 { [%clk 0:09:52] } 5. d3 { [%clk 0:09:59] } O-O { [%clk
0:09:49] } 6. Bg5 { [%clk 0:09:58] } Bxf2+ { [%clk 0:09:28] } 7. Kxf2 { [%clk
0:09:50] } Ng4+ { [%clk 0:09:23] } 8. Kf1 { [%clk 0:09:46] } Qe8 { [%clk
0:09:05] } 9. Kg1 { [%clk 0:09:42] } Ne3 { [%clk 0:08:57] } 10. Bxe3 { [%clk
0:09:37] } d6 { [%clk 0:08:39] } 11. Bf2 { [%clk 0:09:40] } Bg4 { [%clk
0:08:30] } 12. h3 { [%clk 0:09:36] } Be6 { [%clk 0:08:11] } 13. Bxe6 { [%clk
0:09:33] } fxe6 { [%clk 0:08:12] } 14. a3 { [%clk 0:09:25] } d5 { [%clk
0:07:59] } 15. exd5 { [%clk 0:09:22] } exd5 { [%clk 0:07:59] } 16. Nxd5 { [%clk
0:09:22] } Qd8 { [%clk 0:07:50] } 17. Nb4 { [%clk 0:09:05] } Na5 { [%clk
0:07:40] } 18. Nxe5 { [%clk 0:09:00] } Qf6 { [%clk 0:07:32] } 19. Nf3 { [%clk
0:08:51] } Qxb2 { [%clk 0:07:30] } 20. Rb1 { [%clk 0:08:49] } Qxa3 { [%clk
0:07:21] } 21. Nd5 { [%clk 0:08:46] } Qc5 { [%clk 0:06:58] } 22. Bxc5 { [%clk
0:08:28] } Rfd8 { [%clk 0:06:52] } 23. Nxc7 { [%clk 0:08:14] } Rac8 { [%clk
0:06:51] } 24. Ne6 { [%clk 0:08:11] } Re8 { [%clk 0:06:39] } 25. Bxa7 { [%clk
0:08:02] } Rxe6 { [%clk 0:06:34] } 26. Nd2 { [%clk 0:07:54] } Nc6 { [%clk
0:06:25] } 27. Qg4 { [%clk 0:07:49] } Rce8 { [%clk 0:06:20] } 28. Rxb7 { [%clk
0:07:41] } Nxa7 { [%clk 0:06:13] } 29. Qxg7# { [%clk 0:07:38] } 1-0

[Event "Королевский Гамбит. Южный Федеральный округ."]
[Date "2025-11-21"]
[Round "1.4"]
[Board "4"]
[White "Лебедева Полина"]
[WhiteElo "1000"]
[Black "Полина Сурова"]
[BlackElo "981"]
[WebSite "https://www.chessopen.ru"]
[GameId "7717757f-062f-4138-a780-bb224927d6ba"]
[Result "0-1"]

1. e4 { [%clk 0:09:57] } e6 { [%clk 0:10:00] } 2. Nf3 { [%clk 0:09:53] } d5 {
[%clk 0:10:00] } 3. h3 { [%clk 0:09:50] } dxe4 { [%clk 0:10:00] } 4. Bc4 {
[%clk 0:09:44] } exf3 { [%clk 0:09:57] } 5. Qxf3 { [%clk 0:09:37] } Nf6 { [%clk
0:09:55] } 6. Qd1 { [%clk 0:09:36] } Nc6 { [%clk 0:09:52] } 7. O-O { [%clk
0:09:34] } Bd6 { [%clk 0:09:47] } 8. Bd3 { [%clk 0:09:25] } O-O { [%clk
0:09:36] } 9. b3 { [%clk 0:09:20] } Bd7 { [%clk 0:09:28] } 10. Qf3 { [%clk
0:09:04] } Qe7 { [%clk 0:09:21] } 11. Bb2 { [%clk 0:08:58] } Nd5 { [%clk
0:08:08] } 12. c4 { [%clk 0:08:41] } Ndb4 { [%clk 0:07:21] } 13. Qh5 { [%clk
0:08:34] } Nxd3 { [%clk 0:06:58] } 14. Bc3 { [%clk 0:08:29] } Be5 { [%clk
0:06:53] } 15. a4 { [%clk 0:08:12] } Bxc3 { [%clk 0:06:52] } 16. dxc3 { [%clk
0:08:03] } Nde5 { [%clk 0:06:25] } 17. b4 { [%clk 0:07:53] } Nxc4 { [%clk
0:06:16] } 18. b5 { [%clk 0:07:45] } N6e5 { [%clk 0:06:15] } 19. Na3 { [%clk
0:07:35] } g6 { [%clk 0:06:07] } 20. Qd1 { [%clk 0:07:23] } Nxa3 { [%clk
0:05:29] } 21. Rxa3 { [%clk 0:07:19] } Qxa3 { [%clk 0:05:30] } 22. Qe1 { [%clk
0:07:03] } Nd3 { [%clk 0:05:03] } 23. Qe4 { [%clk 0:06:48] } Nc5 { [%clk
0:04:58] } 24. Qc2 { [%clk 0:06:07] } Qxa4 { [%clk 0:04:54] } 25. Qe2 { [%clk
0:05:40] } Bxb5 { [%clk 0:04:50] } 26. Qf3 { [%clk 0:05:30] } Bxf1 { [%clk
0:04:49] } 27. Kxf1 { [%clk 0:05:25] } Qc4+ { [%clk 0:04:48] } 28. Kg1 { [%clk
0:05:22] } Qe4 { [%clk 0:04:49] } 29. Qd1 { [%clk 0:05:01] } Qd3 { [%clk
0:04:47] } 30. Qg4 { [%clk 0:04:47] } Rfd8 { [%clk 0:04:41] } 31. c4 { [%clk
0:04:16] } Rd4 { [%clk 0:04:35] } 32. Qg5 { [%clk 0:04:06] } Ne4 { [%clk
0:04:34] } 33. Qb5 { [%clk 0:03:43] } b6 { [%clk 0:04:24] } 34. Qc6 { [%clk
0:03:38] } Rad8 { [%clk 0:04:24] } 35. Qxc7 { [%clk 0:03:31] } Qxc4 { [%clk
0:04:18] } 36. Qxd8+ { [%clk 0:03:27] } Rxd8 { [%clk 0:04:19] } 37. f3 { [%clk
0:03:18] } Qd4+ { [%clk 0:04:17] } 38. Kh2 { [%clk 0:03:08] } Qe5+ { [%clk
0:04:07] } 39. g3 { [%clk 0:03:05] } Qxg3+ { [%clk 0:04:07] } 40. Kh1 { [%clk
0:03:03] } Rd1# { [%clk 0:04:07] } 0-1

[Event "Королевский Гамбит. Южный Федеральный округ."]
[Date "2025-11-21"]
[Round "1.5"]
[Board "5"]
[White "Бажин Радомир"]
[WhiteElo "1000"]
[Black "Zaharov Makar"]
[BlackElo "1000"]
[WebSite "https://www.chessopen.ru"]
[GameId "e8f665cd-2718-4647-8878-8a278f848efa"]
[Result "1-0"]

1. e4 { [%clk 0:10:01] } e5 { [%clk 0:09:58] } 2. Nf3 { [%clk 0:10:02] } Nf6 {
[%clk 0:09:59] } 3. Nxe5 { [%clk 0:10:03] } d6 { [%clk 0:09:57] } 4. Nc4 {
[%clk 0:10:01] } Nc6 { [%clk 0:09:57] } 5. d3 { [%clk 0:10:02] } d5 { [%clk
0:09:54] } 6. exd5 { [%clk 0:10:03] } Nxd5 { [%clk 0:09:53] } 7. Be2 { [%clk
0:10:03] } Qe7 { [%clk 0:09:48] } 8. O-O { [%clk 0:10:04] } Qf6 { [%clk
0:09:25] } 9. Re1 { [%clk 0:09:59] } Bb4 { [%clk 0:09:23] } 10. c3 { [%clk
0:09:50] } Bd6 { [%clk 0:09:20] } 11. Bf3+ { [%clk 0:09:44] } Nce7 { [%clk
0:08:58] } 12. Bxd5 { [%clk 0:09:40] } O-O { [%clk 0:08:32] } 13. Be4 { [%clk
0:09:38] } h6 { [%clk 0:08:22] } 14. Nxd6 { [%clk 0:09:25] } Qxd6 { [%clk
0:08:17] } 15. Re3 { [%clk 0:09:26] } f5 { [%clk 0:07:37] } 16. Bf3 { [%clk
0:09:15] } Qg6 { [%clk 0:07:34] } 17. Rxe7 { [%clk 0:09:12] } f4 { [%clk
0:07:17] } 18. Qe2 { [%clk 0:09:07] } Bh3 { [%clk 0:07:00] } 19. Bd5+ { [%clk
0:08:52] } Kh7 { [%clk 0:06:37] } 20. Be4 { [%clk 0:08:46] } Rf5 { [%clk
0:06:10] } 21. Bxf5 { [%clk 0:08:44] } Bxf5 { [%clk 0:06:00] } 22. Bxf4 { [%clk
0:08:41] } Bh3 { [%clk 0:05:45] } 23. Qf3 { [%clk 0:08:17] } Bg4 { [%clk
0:05:31] } 24. Qg3 { [%clk 0:08:12] } Rf8 { [%clk 0:04:48] } 25. Nd2 { [%clk
0:08:06] } h5 { [%clk 0:03:38] } 26. h3 { [%clk 0:07:55] } Bf5 { [%clk 0:03:02]
} 27. Qxg6+ { [%clk 0:07:51] } Bxg6 { [%clk 0:03:01] } 28. Be5 { [%clk 0:07:44]
} Rf7 { [%clk 0:02:51] } 29. Rxf7 { [%clk 0:07:40] } Bxf7 { [%clk 0:02:50] }
30. Bxc7 { [%clk 0:07:38] } b5 { [%clk 0:02:47] } 31. a4 { [%clk 0:07:38] } a6
{ [%clk 0:02:44] } 32. axb5 { [%clk 0:07:39] } axb5 { [%clk 0:02:45] } 33. Ra5
{ [%clk 0:07:38] } b4 { [%clk 0:02:42] } 34. c4 { [%clk 0:07:32] } g5 { [%clk
0:02:36] } 35. Rxg5 { [%clk 0:07:30] } b3 { [%clk 0:02:31] } 36. d4 { [%clk
0:07:28] } Kh6 { [%clk 0:02:20] } 37. Bf4 { [%clk 0:07:23] } Bd5 { [%clk
0:02:10] } 38. cxd5 { [%clk 0:07:20] } Kh7 { [%clk 0:02:09] } 39. Be5 { [%clk
0:07:19] } h4 { [%clk 0:02:03] } 40. Ne4 { [%clk 0:07:14] } Kh6 { [%clk
0:02:04] } 41. Bf6 { [%clk 0:07:13] } Kh7 { [%clk 0:02:04] } 42. Nd6 { [%clk
0:07:15] } Kh6 { [%clk 0:02:05] } 43. Nf5+ { [%clk 0:07:10] } Kh7 { [%clk
0:02:06] } 44. Ne7 { [%clk 0:07:07] } Kh6 { [%clk 0:02:07] } 45. f3 { [%clk
0:07:09] } Kh7 { [%clk 0:02:07] } 46. Rh5# { [%clk 0:07:10] } 1-0